| 000 | 00470nam a2200145 4500 | ||
|---|---|---|---|
| 082 | _aMSEE-7 SID | ||
| 100 | _aSiddique Latif | ||
| 245 | _aDeep learning for emotion classification from speech | ||
| 260 |
_aIslamabad _bNUST-SEECS _c2018 |
||
| 300 |
_a92p. _eCD Includes |
||
| 856 | _uhttp://10.250.8.41:8080/xmlui/handle/123456789/5335 | ||
| 942 |
_2ddc _cTHE |
||
| 999 |
_c356209 _d356209 |
||